000 00589nam a2200229Ia 4500
001 49147
005 20240114003939.0
007 ta
008 090524s1905 g b000 u 465 u
040 _aCotton College,Assam
041 _a465
082 _a822.3309
_bJ 238 Sh
100 _aJameson, Anna .
245 0 _aShakespear`s Heroines /
_cAnna Jameson.
_hTextual Documents
250 _a1st ed /
260 _aLondon :
_bGeoge Bell and Sons ,
_c1905.
300 _ax,340 p ;
_c21 cm.
653 _aEnglish
942 _2ddc
_cBK
999 _c49112
_d49112